000
00230nam a2200097Ia 4500
008
170620s9999 xx 000 0 und d
100
_a
Verma- G.S.
245
0
_a
Samajik Vigyan Shikshan
260
_b
Meerut- Loyal Book Depoot
260
_c
2009
300
_a
278
999
_c
28204
_d
28204